[Event "AUT-chT2S 9900"]
[Site "Austria"]
[Date "2000.03.17"]
[Round "9.5"]
[White "Schein, Karl Heinz"]
[Black "Genser, Harald"]
[Result "1/2-1/2"]
[WhiteElo "2229"]
[BlackElo "2160"]
[Annotator "Gabriele Ballarin"]
[PlyCount "95"]
[EventDate "1999.10.??"]
[EventType "team"]
[EventRounds "11"]
[EventCountry "AUT"]
[SourceTitle "EXT 2002"]
[Source "ChessBase"]
[SourceDate "2001.11.25"]
[SourceVersion "1"]
[SourceVersionDate "2001.11.25"]
[SourceQuality "1"]

1. e4 c5 2. c3 Nf6 3. e5 Nd5 4. d4 cxd4 5. Qxd4 e6 6. g3 Nc6 7. Qe4 Qc7 8. Nf3 d6 9. exd6 Bxd6 10. Bg2 Nf6 11. Qe2 O-O 12. O-O a6 13. Bg5 Be7 14. Bf4 Bd6 15. Bxd6 Qxd6 16. Na3 Bd7 17. Nc4 Qc7 18. Rfd1 Rfd8 19. a4 Be8 20. Rxd8 Rxd8 21. a5 Nb8 22. Nb6 Bc6 23. c4 Nbd7 24. Nxd7 Nxd7 25. b4 Nf6 26. Rd1 h6 27. Rxd8+ Qxd8 28. Qd2 Qc7 29. Qd4 Qe7 30. Qb2 Qc7 31. b5 Be4 32. Qb4 Ne8 33. c5 Bd5 34. bxa6 bxa6 35. Qb6 Qb7 36. Ne1 Bxg2 37. Nxg2 Qc8 38. Ne3 Nc7 39. c6 Qd8 40. Qc5 Qd2 41. Kg2 Qd3 42. Qc4 Qa3 43. Qd4 Qxa5 44. Qd8+ Kh7 45. Qd7 Kg8 46. Qd8+ Kh7 47. Qd7 Kg8 48. Qd8+ 1/2-1/2

[Event "AUT-chT2S 9900"]
[Site "Austria"]
[Date "2000.03.17"]
[Round "9.5"]
[White "Waldmann, Gerald"]
[Black "Benda, Herbert"]
[Result "1/2-1/2"]
[WhiteElo "2155"]
[BlackElo "2210"]
[Annotator "Gabriele Ballarin"]
[PlyCount "25"]
[EventDate "1999.10.??"]
[EventType "team"]
[EventRounds "11"]
[EventCountry "AUT"]
[SourceTitle "EXT 2002"]
[Source "ChessBase"]
[SourceDate "2001.11.25"]
[SourceVersion "1"]
[SourceVersionDate "2001.11.25"]
[SourceQuality "1"]

1. e4 g6 2. d4 Bg7 3. Nc3 c6 4. Nf3 d5 5. h3 Nf6 6. e5 Ne4 7. Nxe4 dxe4 8. Ng5 c5 9. d5 Bxe5 10. Nxe4 O-O 11. c3 Qc7 12. Bh6 Bg7 13. Bxg7 1/2-1/2

[Event "AUT-chT2S 9900"]
[Site "Austria"]
[Date "2000.03.17"]
[Round "9.6"]
[White "Aschenbrenner, Robert"]
[Black "Sereinig, Eduard"]
[Result "1-0"]
[WhiteElo "2160"]
[BlackElo "2237"]
[Annotator "Gabriele Ballarin"]
[PlyCount "64"]
[EventDate "1999.10.??"]
[EventType "team"]
[EventRounds "11"]
[EventCountry "AUT"]
[SourceTitle "EXT 2002"]
[Source "ChessBase"]
[SourceDate "2001.11.25"]
[SourceVersion "1"]
[SourceVersionDate "2001.11.25"]
[SourceQuality "1"]

1. e4 d6 2. d4 Nf6 3. Nc3 g6 4. f4 Bg7 5. e5 Nfd7 6. Nf3 c5 7. Ne4 cxd4 8. exd6 O-O 9. Bd3 exd6 10. O-O Nc5 11. Ng3 Nc6 12. f5 Ne5 13. Nxe5 dxe5 14. Bc4 a5 15. Qf3 e4 16. Qf4 b5 17. Bxb5 Qd5 18. f6 Bh8 19. Qh4 e3 20. Be2 Qe5 21. Rb1 Re8 22. b4 Na4 23. Bd3 Nc3 24. Bb2 e2 25. Bxe2 Nxe2+ 26. Nxe2 Ba6 27. Nxd4 Bxf1 28. Rxf1 axb4 29. Ba1 Rxa2 30. Nf5 Rb2 31. Bxb2 Qxb2 32. Ne7+ Kf8 1-0

[Event "AUT-chT2S 9900"]
[Site "Austria"]
[Date "2000.03.17"]
[Round "9.6"]
[White "Bukal, Vladimir Jr"]
[Black "Rogic, Davor"]
[Result "1/2-1/2"]
[WhiteElo "2390"]
[BlackElo "2505"]
[Annotator "Gabriele Ballarin"]
[PlyCount "53"]
[EventDate "1999.10.??"]
[EventType "team"]
[EventRounds "11"]
[EventCountry "AUT"]
[SourceTitle "EXT 2002"]
[Source "ChessBase"]
[SourceDate "2001.11.25"]
[SourceVersion "1"]
[SourceVersionDate "2001.11.25"]
[SourceQuality "1"]

1. d4 d5 2. c4 c6 3. Nf3 Nf6 4. Nc3 e6 5. Bg5 h6 6. Bh4 Be7 7. e3 Nbd7 8. cxd5 cxd5 9. Bd3 b6 10. O-O Bb7 11. Nd2 a6 12. f4 b5 13. a4 b4 14. Na2 a5 15. Nc1 Bd6 16. Rf2 Qb6 17. Bb5 Ba6 18. Bxf6 gxf6 19. Bxa6 Qxa6 20. Ndb3 Ke7 21. Nd3 Rac8 22. h3 Rhg8 23. Rc2 Rxc2 24. Qxc2 Rc8 25. Qd2 f5 26. Kh2 Rc7 27. Kg1 1/2-1/2

[Event "AUT-chT2S 9900"]
[Site "Austria"]
[Date "2000.03.17"]
[Round "9.6"]
[White "Ceschia, Ivano"]
[Black "Mitter, Gerd"]
[Result "1/2-1/2"]
[WhiteElo "2330"]
[BlackElo "2261"]
[Annotator "Gabriele Ballarin"]
[PlyCount "48"]
[EventDate "1999.10.??"]
[EventType "team"]
[EventRounds "11"]
[EventCountry "AUT"]
[SourceTitle "EXT 2002"]
[Source "ChessBase"]
[SourceDate "2001.11.25"]
[SourceVersion "1"]
[SourceVersionDate "2001.11.25"]
[SourceQuality "1"]

1. e4 c5 2. Nf3 Nc6 3. d4 cxd4 4. Nxd4 Nf6 5. Nc3 d6 6. Bc4 e6 7. Be3 Be7 8. Qe2 a6 9. O-O-O Qc7 10. Bb3 b5 11. Nxc6 Qxc6 12. f4 Bb7 13. f5 Nxe4 14. fxe6 fxe6 15. Bxe6 Nxc3 16. bxc3 Qe4 17. Bb3 O-O-O 18. Qd2 Bf6 19. Bb6 Qxg2 20. Qxg2 Bxg2 21. Rhg1 Bf3 22. Rdf1 Be4 23. Be6+ Kb7 24. Bxd8 Rxd8 1/2-1/2

[Event "AUT-chT2S 9900"]
[Site "Austria"]
[Date "2000.03.17"]
[Round "9.6"]
[White "Jochinger, Ferdinand"]
[Black "Spirk, Stefan"]
[Result "1/2-1/2"]
[WhiteElo "2200"]
[BlackElo "2251"]
[Annotator "Gabriele Ballarin"]
[PlyCount "85"]
[EventDate "1999.10.??"]
[EventType "team"]
[EventRounds "11"]
[EventCountry "AUT"]
[SourceTitle "EXT 2002"]
[Source "ChessBase"]
[SourceDate "2001.11.25"]
[SourceVersion "1"]
[SourceVersionDate "2001.11.25"]
[SourceQuality "1"]

1. e4 e6 2. d4 d5 3. Nc3 Bb4 4. exd5 exd5 5. a3 Be7 6. Nf3 Bf5 7. Bd3 Bxd3 8. Qxd3 c6 9. O-O Nf6 10. Re1 O-O 11. h3 Nbd7 12. Bf4 Re8 13. Re2 Nf8 14. Rae1 Ng6 15. Bh2 Bf8 16. Ne5 Nxe5 17. dxe5 Nd7 18. Kh1 Nc5 19. Qe3 Ne6 20. f4 g6 21. Rd2 f5 22. Bg1 Qe7 23. Ne2 Red8 24. Red1 Qe8 25. Qb3 b5 26. Qf3 a5 27. c3 b4 28. axb4 axb4 29. g4 bxc3 30. bxc3 Qf7 31. Rf1 Ra3 32. Rd3 Rda8 33. Ng3 Ra1 34. gxf5 gxf5 35. Rdd1 Rxd1 36. Rxd1 Ra4 37. Nh5 Be7 38. Rb1 Qg6 39. Be3 Kf7 40. Rg1 Qh6 41. Kh2 Ra2+ 42. Rg2 Rxg2+ 43. Kxg2 1/2-1/2

[Event "AUT-chT2S 9900"]
[Site "Austria"]
[Date "2000.03.17"]
[Round "9.6"]
[White "Pfeiffer, Gregor"]
[Black "Kurasch, Josef"]
[Result "1-0"]
[WhiteElo "2130"]
[BlackElo "2130"]
[Annotator "Gabriele Ballarin"]
[PlyCount "37"]
[EventDate "1999.10.??"]
[EventType "team"]
[EventRounds "11"]
[EventCountry "AUT"]
[SourceTitle "EXT 2002"]
[Source "ChessBase"]
[SourceDate "2001.11.25"]
[SourceVersion "1"]
[SourceVersionDate "2001.11.25"]
[SourceQuality "1"]

1. c4 Nf6 2. g3 g6 3. Bg2 Bg7 4. Nf3 O-O 5. O-O d6 6. Nc3 c5 7. d4 Nc6 8. dxc5 dxc5 9. Be3 Qa5 10. Qa4 Qb6 11. Qb5 Nd7 12. Rad1 Bxc3 13. bxc3 Qc7 14. Ng5 a6 15. Qb1 Qe5 16. Qd3 Qc7 17. f4 e6 18. Bc1 Nb6 19. g4 1-0

[Event "AUT-chT2S 9900"]
[Site "Austria"]
[Date "2000.03.18"]
[Round "10.1"]
[White "Ceschia, Ivano"]
[Black "Schroecker, Hans Peter"]
[Result "1-0"]
[WhiteElo "2330"]
[BlackElo "2315"]
[Annotator "Gabriele Ballarin"]
[PlyCount "41"]
[EventDate "1999.10.??"]
[EventType "team"]
[EventRounds "11"]
[EventCountry "AUT"]
[SourceTitle "EXT 2002"]
[Source "ChessBase"]
[SourceDate "2001.11.25"]
[SourceVersion "1"]
[SourceVersionDate "2001.11.25"]
[SourceQuality "1"]

1. e4 c5 2. Nf3 Nc6 3. d4 cxd4 4. Nxd4 e6 5. Nc3 Qc7 6. Be2 a6 7. O-O Nf6 8. Be3 Bb4 9. Nxc6 bxc6 10. Qd4 c5 11. Qc4 Bb7 12. Bf3 h5 13. e5 Ng4 14. Bxb7 Qxb7 15. Ne4 Nxe5 16. Nd6+ Ke7 17. Qf4 Kxd6 18. Rfd1+ Ke7 19. Qxe5 c4 20. a3 f6 21. Qg3 1-0

[Event "AUT-chT2S 9900"]
[Site "Austria"]
[Date "2000.03.18"]
[Round "10.1"]
[White "Jochinger, Ferdinand"]
[Black "Arwanitakis, Michael"]
[Result "1/2-1/2"]
[WhiteElo "2200"]
[BlackElo "2155"]
[Annotator "Gabriele Ballarin"]
[PlyCount "33"]
[EventDate "1999.10.??"]
[EventType "team"]
[EventRounds "11"]
[EventCountry "AUT"]
[SourceTitle "EXT 2002"]
[Source "ChessBase"]
[SourceDate "2001.11.25"]
[SourceVersion "1"]
[SourceVersionDate "2001.11.25"]
[SourceQuality "1"]

1. d4 Nf6 2. Nf3 g6 3. g3 Bg7 4. Bg2 O-O 5. c4 d6 6. O-O Nc6 7. Nc3 e5 8. d5 Ne7 9. e4 Ne8 10. Ne1 f5 11. Nd3 Nf6 12. f3 c6 13. Be3 h6 14. Rb1 cxd5 15. Nxd5 Nfxd5 16. cxd5 Bd7 17. Qb3 1/2-1/2

[Event "AUT-chT2S 9900"]
[Site "Austria"]
[Date "2000.03.18"]
[Round "10.1"]
[White "Kuess, Mario"]
[Black "Rohler, Siegfried"]
[Result "1-0"]
[WhiteElo "2150"]
[BlackElo "2170"]
[Annotator "Gabriele Ballarin"]
[PlyCount "83"]
[EventDate "1999.10.??"]
[EventType "team"]
[EventRounds "11"]
[EventCountry "AUT"]
[SourceTitle "EXT 2002"]
[Source "ChessBase"]
[SourceDate "2001.11.25"]
[SourceVersion "1"]
[SourceVersionDate "2001.11.25"]
[SourceQuality "1"]

1. f4 Nf6 2. Nf3 d6 3. b3 g6 4. Bb2 Bg7 5. e3 O-O 6. d4 Bf5 7. Bd3 Nbd7 8. Bxf5 gxf5 9. c4 Ne4 10. Qc2 e6 11. Nc3 Nxc3 12. Bxc3 c6 13. h3 b5 14. g4 Qf6 15. Rc1 bxc4 16. bxc4 Nb6 17. Qe2 d5 18. c5 Nc4 19. g5 Qe7 20. Nd2 Nxd2 21. Kxd2 Rfb8 22. Qa6 Qb7 23. Qxb7 Rxb7 24. Rb1 Rab8 25. Rxb7 Rxb7 26. Kc2 f6 27. h4 h6 28. gxh6 Bxh6 29. Rb1 Rxb1 30. Kxb1 Bf8 31. Kc2 e5 32. Kb3 exf4 33. exf4 Be7 34. Ka4 Bd8 35. Ba5 Be7 36. Bc7 Kf7 37. Ka5 Ke6 38. Ka6 Kd7 39. Ba5 Bf8 40. Kxa7 Bh6 41. Bd2 Kc7 42. a4 1-0

[Event "AUT-chT2S 9900"]
[Site "Austria"]
[Date "2000.03.18"]
[Round "10.1"]
[White "Rogulj, Branko"]
[Black "Rogic, Davor"]
[Result "1/2-1/2"]
[WhiteElo "2427"]
[BlackElo "2505"]
[Annotator "Gabriele Ballarin"]
[PlyCount "92"]
[EventDate "1999.10.??"]
[EventType "team"]
[EventRounds "11"]
[EventCountry "AUT"]
[SourceTitle "EXT 2002"]
[Source "ChessBase"]
[SourceDate "2001.11.25"]
[SourceVersion "1"]
[SourceVersionDate "2001.11.25"]
[SourceQuality "1"]

1. e4 e5 2. Nf3 Nc6 3. Bb5 a6 4. Ba4 Nf6 5. O-O Be7 6. Re1 b5 7. Bb3 O-O 8. a4 Bb7 9. d3 d6 10. Bd2 b4 11. c3 Rb8 12. cxb4 Ba8 13. b5 axb5 14. a5 Nd4 15. Nxd4 exd4 16. Bf4 c5 17. Nd2 Rb7 18. e5 dxe5 19. Bxe5 Ra7 20. Bxf6 Bxf6 21. Qh5 Be7 22. Ne4 Ra6 23. Ng3 Rh6 24. Qg4 Bd6 25. a6 Kh8 26. h3 f5 27. Qd1 Qc8 28. Nf1 Rg6 29. f3 c4 30. dxc4 bxc4 31. Rc1 Qxa6 32. Bxc4 Qb7 33. Kh1 Qxb2 34. Re2 Qb6 35. Rb1 Qc6 36. Rc2 Bc5 37. Bd3 Qd6 38. Rb5 Bb4 39. Rxf5 Rgf6 40. Rxf6 Qxf6 41. Ra2 Bd5 42. Ra6 Qf4 43. Qe2 Bd6 44. Kg1 Rc8 45. Ra1 Qf7 46. Re1 Bb4 1/2-1/2

[Event "AUT-chT2S 9900"]
[Site "Austria"]
[Date "2000.03.18"]
[Round "10.2"]
[White "Hanser, Michael"]
[Black "Aschenbrenner, Robert"]
[Result "1/2-1/2"]
[WhiteElo "2180"]
[BlackElo "2160"]
[Annotator "Gabriele Ballarin"]
[PlyCount "80"]
[EventDate "1999.10.??"]
[EventType "team"]
[EventRounds "11"]
[EventCountry "AUT"]
[SourceTitle "EXT 2002"]
[Source "ChessBase"]
[SourceDate "2001.11.25"]
[SourceVersion "1"]
[SourceVersionDate "2001.11.25"]
[SourceQuality "1"]

1. e4 c5 2. d4 cxd4 3. c3 d5 4. exd5 Qxd5 5. cxd4 Nc6 6. Nf3 e5 7. Nc3 Bb4 8. Bd2 Bxc3 9. Bxc3 e4 10. Ne5 Nxe5 11. dxe5 Ne7 12. Qa4+ Bd7 13. Qa3 Bc6 14. Be2 Qe6 15. O-O O-O 16. Rfd1 Nf5 17. Bg4 Qg6 18. Bxf5 Qxf5 19. Bb4 Rfe8 20. Bd6 Re6 21. Qe3 Rg6 22. h3 f6 23. exf6 Qxf6 24. Rd4 Re8 25. Rad1 Qf3 26. Qxf3 exf3 27. g3 Rge6 28. Bb4 Re2 29. R4d2 Bb5 30. Rxe2 fxe2 31. Re1 Ba4 32. f3 Bd1 33. Kf2 Re6 34. h4 Kf7 35. Bc3 g6 36. g4 Ke8 37. Rg1 Kd7 38. g5 Kd6 39. Rg4 Kc5 40. Re4 Rxe4 1/2-1/2

[Event "AUT-chT2S 9900"]
[Site "Austria"]
[Date "2000.03.18"]
[Round "10.2"]
[White "Horvath, Jozsef"]
[Black "Bukal, Vladimir Jr"]
[Result "1/2-1/2"]
[WhiteElo "2526"]
[BlackElo "2390"]
[Annotator "Gabriele Ballarin"]
[PlyCount "52"]
[EventDate "1999.10.??"]
[EventType "team"]
[EventRounds "11"]
[EventCountry "AUT"]
[SourceTitle "EXT 2002"]
[Source "ChessBase"]
[SourceDate "2001.11.25"]
[SourceVersion "1"]
[SourceVersionDate "2001.11.25"]
[SourceQuality "1"]

{10240kB. Pentium} 1. c4 c6 2. e4 d5 3. exd5 cxd5 4. cxd5 Nf6 5. Nc3 Nxd5 6. Nf3 Nxc3 7. bxc3 g6 8. d4 Bg7 9. Bd3 O-O 10. O-O Nc6 11. Re1 Re8 12. Bg5 Qa5 13. Qb3 Bg4 14. Bh4 Qh5 15. Bg3 Na5 16. Qb4 Bxf3 17. gxf3 e6 18. Kg2 b6 19. Rab1 Red8 20. Re3 Nc6 21. Qb5 Qxb5 22. Bxb5 Na5 23. Ba6 Rd5 24. Rd3 Rad8 25. Rbd1 h6 26. Bf4 R5d7 1/2-1/2

[Event "AUT-chT2S 9900"]
[Site "Austria"]
[Date "2000.03.18"]
[Round "10.2"]
[White "Mitter, Gerd"]
[Black "Petschar, Kurt"]
[Result "1-0"]
[WhiteElo "2261"]
[BlackElo "2250"]
[Annotator "Gabriele Ballarin"]
[PlyCount "39"]
[EventDate "1999.10.??"]
[EventType "team"]
[EventRounds "11"]
[EventCountry "AUT"]
[SourceTitle "EXT 2002"]
[Source "ChessBase"]
[SourceDate "2001.11.25"]
[SourceVersion "1"]
[SourceVersionDate "2001.11.25"]
[SourceQuality "1"]

1. Nf3 d5 2. d4 c6 3. g3 Bg4 4. Bg2 Nd7 5. O-O e6 6. c4 Bd6 7. Nbd2 f5 8. b3 Nh6 9. b4 Bxb4 10. Qb3 Qe7 11. Rb1 Bxd2 12. Qxb7 Rb8 13. Qxb8+ Nxb8 14. Rxb8+ Kf7 15. Ne5+ Kf6 16. Rxh8 Bxc1 17. Rxc1 Bxe2 18. cxd5 cxd5 19. h4 Ng4 20. Rf8+ 1-0

[Event "AUT-chT2S 9900"]
[Site "Austria"]
[Date "2000.03.18"]
[Round "10.2"]
[White "Nickl, Klaus"]
[Black "Pfeiffer, Gregor"]
[Result "1-0"]
[WhiteElo "2200"]
[BlackElo "2130"]
[Annotator "Gabriele Ballarin"]
[PlyCount "101"]
[EventDate "1999.10.??"]
[EventType "team"]
[EventRounds "11"]
[EventCountry "AUT"]
[SourceTitle "EXT 2002"]
[Source "ChessBase"]
[SourceDate "2001.11.25"]
[SourceVersion "1"]
[SourceVersionDate "2001.11.25"]
[SourceQuality "1"]

1. Nf3 d5 2. d4 Nf6 3. e3 c6 4. c4 Bf5 5. Qb3 Qb6 6. c5 Qxb3 7. axb3 Nbd7 8. Nc3 e5 9. b4 Be7 10. Be2 Ne4 11. dxe5 Nxc3 12. bxc3 Be4 13. Rg1 Bxf3 14. gxf3 Nxe5 15. e4 Bf6 16. Be3 O-O 17. Bd4 Rfe8 18. f4 Nd7 19. e5 Bd8 20. Kd2 Re7 21. f5 Rxe5 22. f4 Rxe2+ 23. Kxe2 Bf6 24. Kd3 Bxd4 25. Kxd4 a6 26. Rae1 Kf8 27. Re2 Nf6 28. Rge1 Re8 29. Re5 Rd8 30. Re7 Re8 31. R7e3 Rd8 32. h3 Rd7 33. h4 Rd8 34. h5 h6 35. Re7 Re8 36. Rxe8+ Nxe8 37. Rg1 Ke7 38. Ke5 Kf8 39. Rg2 Ke7 40. Rxg7 Nf6 41. Rg1 Nxh5 42. Rg8 Nf6 43. Rc8 Ng4+ 44. Kd4 Kf6 45. Rc7 h5 46. Rxb7 h4 47. Rb6 h3 48. Rxc6+ Kxf5 49. Rxa6 h2 50. Ra1 Nf2 51. Ke3 1-0

[Event "AUT-chT2S 9900"]
[Site "Austria"]
[Date "2000.03.18"]
[Round "10.2"]
[White "Spirk, Stefan"]
[Black "Genser, Harald"]
[Result "1/2-1/2"]
[WhiteElo "2251"]
[BlackElo "2160"]
[Annotator "Gabriele Ballarin"]
[PlyCount "51"]
[EventDate "1999.10.??"]
[EventType "team"]
[EventRounds "11"]
[EventCountry "AUT"]
[SourceTitle "EXT 2002"]
[Source "ChessBase"]
[SourceDate "2001.11.25"]
[SourceVersion "1"]
[SourceVersionDate "2001.11.25"]
[SourceQuality "1"]

1. c4 c6 2. Nf3 Nf6 3. g3 d5 4. Bg2 g6 5. O-O Bg7 6. cxd5 cxd5 7. Nc3 O-O 8. d4 Nc6 9. Ne5 e6 10. Bg5 h6 11. Bxf6 Qxf6 12. Nxc6 bxc6 13. e3 e5 14. dxe5 Qxe5 15. Rc1 Bf5 16. b3 Rfd8 17. Ne2 Rac8 18. Nd4 Bd7 19. Qd2 c5 20. Ne2 Be6 21. Qa5 Qc7 22. Qxc7 Rxc7 23. Nf4 g5 24. Nxe6 fxe6 25. Rfd1 Kf7 26. e4 1/2-1/2

[Event "AUT-chT2S 9900"]
[Site "Austria"]
[Date "2000.03.18"]
[Round "10.3"]
[White "Benda, Herbert"]
[Black "Januschke, Markus"]
[Result "1-0"]
[WhiteElo "2210"]
[BlackElo "2210"]
[Annotator "Gabriele Ballarin"]
[PlyCount "109"]
[EventDate "1999.10.??"]
[EventType "team"]
[EventRounds "11"]
[EventCountry "AUT"]
[SourceTitle "EXT 2002"]
[Source "ChessBase"]
[SourceDate "2001.11.25"]
[SourceVersion "1"]
[SourceVersionDate "2001.11.25"]
[SourceQuality "1"]

1. e4 c5 2. Nf3 Nc6 3. d4 cxd4 4. Nxd4 Nf6 5. Nc3 d6 6. Bg5 e6 7. Qd2 a6 8. O-O-O h6 9. Bf4 Bd7 10. Nxc6 Bxc6 11. f3 d5 12. exd5 Nxd5 13. Nxd5 Qxd5 14. c4 Qxd2+ 15. Bxd2 Be7 16. Bc3 Bf6 17. Kc2 a5 18. b3 Ke7 19. Bd3 Bxc3 20. Kxc3 f5 21. Rhe1 Kf6 22. a3 Rhd8 23. c5 e5 24. Bc4 e4 25. f4 g5 26. g3 Rxd1 27. Rxd1 Ke7 28. Rd6 gxf4 29. gxf4 Rd8 30. Rxh6 Rd1 31. Re6+ Kf8 32. Rf6+ Kg7 33. Rxf5 Rh1 34. b4 axb4+ 35. axb4 Rxh2 36. b5 Be8 37. Re5 Bg6 38. Re7+ Kf6 39. Rxb7 e3 40. Rb6+ Kg7 41. Kd4 Rc2 42. Ra6 e2 43. Ra1 Bf7 44. Bxe2 Rxe2 45. c6 Rc2 46. Ra4 Kf6 47. Rb4 Be8 48. Rc4 Rb2 49. Kc5 Ke7 50. Rd4 Rb1 51. Kb6 Rc1 52. Kc7 Rc5 53. Re4+ Kf8 54. Rxe8+ Kxe8 55. b6 1-0

[Event "AUT-chT2S 9900"]
[Site "Austria"]
[Date "2000.03.18"]
[Round "10.3"]
[White "Hebesberger, Thomas"]
[Black "Rudolph, Johannes"]
[Result "1/2-1/2"]
[WhiteElo "2240"]
[BlackElo "2237"]
[Annotator "Gabriele Ballarin"]
[PlyCount "136"]
[EventDate "1999.10.??"]
[EventType "team"]
[EventRounds "11"]
[EventCountry "AUT"]
[SourceTitle "EXT 2002"]
[Source "ChessBase"]
[SourceDate "2001.11.25"]
[SourceVersion "1"]
[SourceVersionDate "2001.11.25"]
[SourceQuality "1"]

1. d4 d5 2. Nf3 c6 3. Bf4 Qb6 4. Qc1 Nf6 5. e3 Bf5 6. Bd3 e6 7. O-O Nbd7 8. Bxf5 exf5 9. c4 Be7 10. c5 Qd8 11. Nc3 Ne4 12. h3 h5 13. Nd2 g5 14. Ndxe4 fxe4 15. Bh2 g4 16. f3 Rg8 17. fxe4 g3 18. exd5 gxh2+ 19. Kh1 cxd5 20. Nxd5 Nf6 21. Nxf6+ Bxf6 22. Qc4 Rg6 23. Rf5 Kf8 24. Raf1 Kg7 25. Rxh5 Qe7 26. Rf3 Re8 27. Qd5 Rd8 28. Qf5 Qe6 29. b3 Re8 30. Kxh2 b6 31. Qxe6 fxe6 32. cxb6 axb6 33. Rb5 Bd8 34. g4 Bc7+ 35. Kg2 Ra8 36. a4 Ra5 37. Rb4 Rf6 38. Rc4 Bd8 39. Rc8 Be7 40. Rb8 Ra6 41. Rb7 Kf8 42. e4 Rxf3 43. Kxf3 Bg5 44. e5 Bd8 45. Ke4 Ra5 46. Kd3 Ra8 47. h4 Bxh4 48. Rxb6 Kf7 49. Rb7+ Kg6 50. Ke4 Be1 51. Rb6 Kf7 52. d5 exd5+ 53. Kxd5 Rd8+ 54. Ke4 Rd2 55. g5 Re2+ 56. Kd5 Rd2+ 57. Kc4 Rc2+ 58. Kb5 Re2 59. g6+ Kg7 60. Re6 Re3 61. a5 Rxb3+ 62. Kc4 Rc3+ 63. Kd5 Ra3 64. a6 Bc3 65. Ke4 Ra5 66. Kf5 Bxe5 67. Re7+ Kg8 68. Rxe5 Rxa6 1/2-1/2

[Event "AUT-chT2S 9900"]
[Site "Austria"]
[Date "2000.03.18"]
[Round "10.3"]
[White "Jacob, Volker"]
[Black "Schein, Karl Heinz"]
[Result "1/2-1/2"]
[WhiteElo "2218"]
[BlackElo "2229"]
[Annotator "Gabriele Ballarin"]
[PlyCount "70"]
[EventDate "1999.10.??"]
[EventType "team"]
[EventRounds "11"]
[EventCountry "AUT"]
[SourceTitle "EXT 2002"]
[Source "ChessBase"]
[SourceDate "2001.11.25"]
[SourceVersion "1"]
[SourceVersionDate "2001.11.25"]
[SourceQuality "1"]

1. d4 Nf6 2. c4 e6 3. Nc3 Bb4 4. Bg5 h6 5. Bh4 c5 6. d5 b5 7. dxe6 fxe6 8. cxb5 O-O 9. e3 Qa5 10. Bxf6 Rxf6 11. Qc1 Qc7 12. Nf3 d5 13. Be2 Bb7 14. a3 Ba5 15. O-O Nd7 16. b4 cxb4 17. axb4 Bb6 18. Na4 Qd6 19. Nxb6 axb6 20. Rxa8+ Bxa8 21. Qc3 e5 22. Rd1 Rf8 23. Rc1 Qf6 24. Qc7 Qf5 25. Rf1 d4 26. exd4 exd4 27. Nxd4 Qe4 28. Nc6 Qxe2 29. Qxd7 Kh7 30. Qd5 Rf6 31. f3 Rg6 32. Rf2 Qe1+ 33. Rf1 Qe2 34. Rf2 Qe1+ 35. Rf1 Qe2 1/2-1/2

[Event "AUT-chT2S 9900"]
[Site "Austria"]
[Date "2000.03.18"]
[Round "10.3"]
[White "Siklosi, Zoltan"]
[Black "Ruck, Robert"]
[Result "1/2-1/2"]
[WhiteElo "2337"]
[BlackElo "2485"]
[Annotator "Gabriele Ballarin"]
[PlyCount "60"]
[EventDate "1999.10.??"]
[EventType "team"]
[EventRounds "11"]
[EventCountry "AUT"]
[SourceTitle "EXT 2002"]
[Source "ChessBase"]
[SourceDate "2001.11.25"]
[SourceVersion "1"]
[SourceVersionDate "2001.11.25"]
[SourceQuality "1"]

1. e4 c5 2. Nf3 d6 3. Bb5+ Nd7 4. O-O a6 5. Bxd7+ Bxd7 6. d4 cxd4 7. Qxd4 Rc8 8. c4 Nf6 9. Nc3 Qa5 10. Nd5 Qc5 11. Nb6 Qxd4 12. Nxd4 Rc7 13. f3 g6 14. Be3 Bg7 15. Rab1 O-O 16. Nxd7 Nxd7 17. b3 Rfc8 18. a4 Nc5 19. Rfd1 Kf8 20. Ne2 Be5 21. Nf4 Bxf4 22. Bxf4 a5 23. Be3 Rc6 24. Bxc5 Rxc5 25. Rd5 R8c6 26. Rbd1 f6 27. Kf2 Ke8 28. Rxc5 Rxc5 29. Rd5 Kd7 30. Rxc5 dxc5 1/2-1/2

[Event "AUT-chT2S 9900"]
[Site "Austria"]
[Date "2000.03.18"]
[Round "10.3"]
[White "Wurm, Christoph"]
[Black "Brunnsteiner, Mario"]
[Result "1/2-1/2"]
[WhiteElo "2160"]
[BlackElo "2151"]
[Annotator "Gabriele Ballarin"]
[PlyCount "23"]
[EventDate "1999.10.??"]
[EventType "team"]
[EventRounds "11"]
[EventCountry "AUT"]
[SourceTitle "EXT 2002"]
[Source "ChessBase"]
[SourceDate "2001.11.25"]
[SourceVersion "1"]
[SourceVersionDate "2001.11.25"]
[SourceQuality "1"]

1. e4 c5 2. Nf3 Nc6 3. d4 cxd4 4. Nxd4 g6 5. c4 Nf6 6. Nc3 d6 7. Be2 Nxd4 8. Qxd4 Bg7 9. Qd3 O-O 10. O-O Be6 11. Be3 Qa5 12. Rac1 1/2-1/2

[Event "AUT-chT2S 9900"]
[Site "Austria"]
[Date "2000.03.18"]
[Round "10.4"]
[White "Kuba, Guenter"]
[Black "Koch, Wolfgang Max"]
[Result "1-0"]
[WhiteElo "2238"]
[BlackElo "2305"]
[Annotator "Gabriele Ballarin"]
[PlyCount "73"]
[EventDate "1999.10.??"]
[EventType "team"]
[EventRounds "11"]
[EventCountry "AUT"]
[SourceTitle "EXT 2002"]
[Source "ChessBase"]
[SourceDate "2001.11.25"]
[SourceVersion "1"]
[SourceVersionDate "2001.11.25"]
[SourceQuality "1"]

1. e4 d6 2. d4 Nf6 3. Nc3 g6 4. Be3 c6 5. a4 a5 6. h3 Na6 7. Nf3 Nb4 8. g3 Bg7 9. Bg2 O-O 10. O-O Qc7 11. Qd2 Bd7 12. Rac1 Rab8 13. Bh6 e5 14. Rfd1 Rfe8 15. Bxg7 Kxg7 16. Nh2 Rbd8 17. f4 Qb6 18. Qf2 exd4 19. Rxd4 c5 20. Rd2 Bc6 21. Re1 Na6 22. e5 dxe5 23. fxe5 Nd7 24. Bxc6 bxc6 25. Ng4 c4 26. Red1 Qc7 27. Ne4 h5 28. Ngf6 Re7 29. Qf4 Nab8 30. Nxh5+ gxh5 31. Qg5+ Kf8 32. Qh6+ Kg8 33. Rxd7 Nxd7 34. Rxd7 Qb6+ 35. Kg2 Re6 36. Nf6+ Rxf6 37. exf6 1-0